000 00268nam a2200121Ia 4500
999 _c14101
_d14101
008 260210s9999 xx 000 0 und d
020 _a9787568007894
082 _a747.92
100 _aCuttle
245 0 _aLighting Design
260 _bRoutledge
942 _cBDES
_2ddc